| 000 | 00867nac a22002535a 4500 | ||
|---|---|---|---|
| 008 | 150819t2007 njua|||f b||| 001 0 eng d | ||
| 010 | _a 2006046129 | ||
| 020 | _a9780471671893 | ||
| 040 |
_aEG-ScBUE _beng _cEG-ScBUE |
||
| 082 | 0 | 4 |
_a620.19230287 _bSHA _222 |
| 100 | 1 | _aShah, Vishu. | |
| 245 | 1 | 0 |
_aHandbook of plastics testing and failure analysis / _cVishu Shah. |
| 250 | _a3rd ed. | ||
| 260 |
_aHoboken : _bJohn Wiley & Sons, _cc.2007. |
||
| 300 |
_axiv, 634 p. : _bill. (some col.) ; _c25 cm. + _e1 CD-Rom (4 3/4 in.) |
||
| 500 | _aIndex : p. 629-634. | ||
| 500 | _aRev. ed. of: Handbook of plastics testing technology. c1998. | ||
| 504 | _aIncludes bibliographical references. | ||
| 590 | _aDoha | ||
| 650 | 0 |
_aPlastics _xTesting _xHandbooks, manuals, etc. _2BUEsh |
|
| 651 | _2BUEsh | ||
| 653 |
_cAugust2015 _bENGGEN |
||
| 942 |
_cTB _2ddc |
||
| 999 |
_c7886 _d7886 |
||